| 000 | 00881nam a22002057a 4500 | ||
|---|---|---|---|
| 999 |
_c9827 _d9827 |
||
| 003 | AR-CdUCM | ||
| 008 | 190328b ||||| |||| 00| 0 spa d | ||
| 040 |
_aMUNICIPALIDAD PROVINCIAL DEL CUSCO _cBIBLIOTECA MUNICIPAL DEL CUSCO |
||
| 082 |
_aC / 376.51 / _bC9 |
||
| 100 |
_aCovarrubias Pozo, Jesús Manuel _926295 |
||
| 245 | _aInformación archivística sobre métodos, procedimientos, formas, modos, sistemas y técnicas de ordenación, clasificación, catalogación y fichado del catálogo general del Archivo Histórico de la Universidad Nacional del Cuzco / | ||
| 260 |
_aCusco : _bH.G. Rozas, _c1964. |
||
| 300 |
_a115 páginas ; _c25 cm. |
||
| 505 | _aContenido: Catalogo general del archivo del Cusco. | ||
| 650 |
_aCatalogo general del archivo del Cusco _926296 |
||
| 650 |
_aUnsaac _98726 |
||
| 650 |
_aArchivo histórico _926297 |
||
| 942 |
_2ddc _cLIBROS |
||
| 945 | _adavv | ||